LEADER 03003nam 2200625Ia 450 001 9910458020003321 005 20200520144314.0 010 $a1-282-90616-X 010 $a9786612906169 010 $a0-8213-8141-5 035 $a(CKB)2560000000052881 035 $a(EBL)606027 035 $a(OCoLC)692336619 035 $a(SSID)ssj0000423817 035 $a(PQKBManifestationID)12145287 035 $a(PQKBTitleCode)TC0000423817 035 $a(PQKBWorkID)10470058 035 $a(PQKB)10027441 035 $a(MiAaPQ)EBC606027 035 $a(PPN)151898774 035 $a(Au-PeEL)EBL606027 035 $a(CaPaEBR)ebr10430845 035 $a(CaONFJC)MIL290616 035 $a(EXLCZ)992560000000052881 100 $a20100804d2010 uy 0 101 0 $aeng 135 $aur|n|---||||| 181 $ctxt 182 $cc 183 $acr 200 00$aNatural hazards, unnatural disasters$b[electronic resource] $ethe economics of effective prevention /$fThe World Bank and The United Nations 210 $aWashington, D.C. $cWorld Bank$d2010 215 $a1 online resource (531 p.) 300 $aDescription based upon print version of record. 311 $a0-8213-8050-8 320 $aIncludes bibliographical references and index. 327 $aCover; Half Title Page; Title Page; Copyright; Praise for Natural Hazards, UnNatural Disasters; Contents; Acknowledgments; Memorandum to a Conderned Finance Minister; Overview; 1. Fluctuating Deaths, Rising Damages-the Numbers; 2. Measuring Disasters' Many Effects; 3. Prevention by Individuals; 4. Prevention through Governments; 5. Insurance and Coping; 6. Coming Game-Changers? Burgeoning Cities, Climate Change, and Climate-Induced Catastrophes; Notes and References; Index; Memorandum to a Concerned Citizen; Back Cover 330 $aEarthquakes, droughts, floods, and storms are natural hazards, but unnatural disasters are the deaths and damages that result from human acts of omission and commission. Every disaster is unique, but each exposes actions-by individuals and governments at different levels-that, had they been different, would have resulted in fewer deaths and less damage. Prevention is possible, and this book examines what it takes to do this cost-effectively.It looks at disasters primarily through an economic lens. Economists emphasize self-interest to explain how people choose the amount of prevention, insuran 606 $aDisasters$xEconomic aspects 606 $aNatural disasters$xEconomic aspects 606 $aEmergency management 608 $aElectronic books. 615 0$aDisasters$xEconomic aspects. 615 0$aNatural disasters$xEconomic aspects. 615 0$aEmergency management. 676 $a363.34/7 712 02$aWorld Bank. 712 02$aUnited Nations. 801 0$bMiAaPQ 801 1$bMiAaPQ 801 2$bMiAaPQ 906 $aBOOK 912 $a9910458020003321 996 $aNatural hazards, unnatural disasters$92469377 997 $aUNINA